| 000 | 00459nam a22001697a 4500 | ||
|---|---|---|---|
| 999 |
_c524478 _d524478 |
||
| 003 | NUST | ||
| 038 | _awaseem | ||
| 082 |
_a891.421 _bSAJ |
||
| 100 |
_aSajid, Ghulam Hussain _915294 |
||
| 245 |
_aBilay Wich Charian / _cGhulam Hussain Sajid |
||
| 260 |
_aLahore : _bSujeet Singh. _c2003. |
||
| 300 | _a135 p. ; | ||
| 500 | _aHardcover. | ||
| 880 |
_6100-02\r _aغلام حسین ساجد |
||
| 880 |
_6245-02\r _aبیلے وج جڑیاں / |
||
| 942 |
_2ddc _cBK |
||